| 000 | 01856nam a2200229Ia 4500 | ||
|---|---|---|---|
| 999 |
_c48601 _d48601 |
||
| 001 | 15501 | ||
| 003 | GE_BSU | ||
| 005 | 20241122154704.0 | ||
| 008 | 181216s2015||||ge |||||||||||||| ||geo|| | ||
| 040 | _cGE_BSU | ||
| 041 | _ageo | ||
| 080 | _a930.25(479.223)(061) ა-864 | ||
| 245 |
_aარხეიონი = ARCHEION IX : _bაჭარის ავტონომიური რესპუბლიკის მთავრობის საქვეუწყებო დაწესებულება - საარქივო სამმართველო / _cსარედაქციო საბჭოს თავ-რე : მაია ივანიშვილი ; რედ. : თამაზ ფუტკარაძე ; სარედ. საბჭო : თეონა იაშვილი, თენგიზ ცინცქილაძე, თენგიზ სალუქვაძე და სხვ. |
||
| 264 |
_aთბილისი : _bუნივერსალი, _c2015. |
||
| 300 |
_a97 გვ. : _bილ. ; _c27 სმ. |
||
| 490 |
_aაჭარის ავტ. რესპ. მთავრობის საქვეუწყებო დაწესებულება-საარქივო სამმართველო _vარხეიონი 9 |
||
| 653 | _aარხეიონი 9 | ||
| 653 | _aაჭარის ავტონომიური რესპუბლიკის მთავრობის საქვეუწყებო დაწესბულება-საარქივო სამმართველო | ||
| 700 |
_aივანიშვილი, მაია _eმთავარი რედაქტორი _923773 |
||
| 700 |
_aფუტკარაძე, თამაზ _eრედაქტორი _923774 |
||
| 942 |
_cBK _2udc |
||